000 01505nam a2200433 i 4500
001 45749
003 KOSZ 005
005 20260417063320.0
008 031031s2002 pl a f |001 0 pol
015 _aPB 2006/2342
020 _a8372432619
040 _aWA N
_cWA N
_dKOSZ 005/HR
041 1 _apol
_heng
046 _k2002
080 _a004.434
080 _a004.774
080 _a004.42
080 _a(07)
100 1 _aEsposito, Dino
_d(1965- )
_eAutor
245 1 0 _aTworzenie aplikacji za pomocą ASP.NET oraz ADO.NET /
_cDino Esposito ; [tł. Piotr Kresak, Piotr Stokłosa].
246 1 _iTyt. oryg.:
_aBuilding web solutions with ASP.NET and ADO.NET.
260 _aWarszawa :
_bWydawnictwo "RM",
_c2002.
300 _a346 s. :
_bil. ;
_c24 cm +
_edysk optyczny (CD-ROM).
336 _2rdacontent
_aTekst
_btxt
337 _2rdamedia
_aBez urządzenia pośredniczącego
_bn
338 _2rdacarrier
_aWolumin
_bnc
380 _aKsiążki
388 _a2001-
504 _aIndeks.
650 4 _aADO.NET (język programowania)
650 4 _aASP.NET (platforma programistyczna)
655 4 _aPodręcznik
658 _aInformatyka i technologie informacyjne
700 1 _aStokłosa, Piotr
_c(informatyk)
_eTłumaczenie
700 1 _aKresak, Piotr
_eTłumaczenie
710 2 _aWydawnictwo RM
_4pbl.
856 _uhttp://koha.tu.koszalin.pl/cgi-bin/koha/opac-detail.pl?biblionumber=45749
_yKatalog online BPK
942 _2UKD
_cKS
999 _c45749
_d45749